LEADER 01990nam 2200625 a 450 001 9910456852403321 005 20200520144314.0 010 $a1-299-19153-3 010 $a0-8165-0448-2 035 $a(CKB)2550000000041676 035 $a(OCoLC)747413917 035 $a(CaPaEBR)ebrary10485534 035 $a(SSID)ssj0000529892 035 $a(PQKBManifestationID)11345810 035 $a(PQKBTitleCode)TC0000529892 035 $a(PQKBWorkID)10561819 035 $a(PQKB)10194251 035 $a(MiAaPQ)EBC3411723 035 $a(MdBmJHUP)muse13472 035 $a(Au-PeEL)EBL3411723 035 $a(CaPaEBR)ebr10485534 035 $a(CaONFJC)MIL450403 035 $a(OCoLC)923437994 035 $a(EXLCZ)992550000000041676 100 $a20100429d2010 uy 0 101 0 $aeng 135 $aurcn||||||||| 181 $ctxt 182 $cc 183 $acr 200 10$aWe are our language$b[electronic resource] $ean ethnography of language revitalization in a Northern Athabascan community /$fBarbra A. Meek 210 $aTucson $cUniversity of Arizona Press$dc2010 215 $a1 online resource (233 p.) 225 1 $aFirst peoples, new directions in indigenous studies 300 $aBibliographic Level Mode of Issuance: Monograph 311 $a0-8165-1453-4 311 $a0-8165-2717-2 320 $aIncludes bibliographical references (p. [177]-198) and index. 410 0$aFirst peoples (2010) 606 $aKaska Indians$zYukon$xLanguages 606 $aAthapascan languages$zYukon$xRevival 606 $aLanguage revival$zYukon 608 $aElectronic books. 615 0$aKaska Indians$xLanguages. 615 0$aAthapascan languages$xRevival. 615 0$aLanguage revival 676 $a497/.2 700 $aMeek$b Barbra A.$f1967-$01035793 801 0$bMiAaPQ 801 1$bMiAaPQ 801 2$bMiAaPQ 906 $aBOOK 912 $a9910456852403321 996 $aWe are our language$92455670 997 $aUNINA LEADER 01262nam 2200253la 450 001 9910481338303321 005 20221102155355.0 035 $a(UK-CbPIL)2090346210 035 $a(CKB)5500000000084962 035 $a(EXLCZ)995500000000084962 100 $a20221102d1614 uy | 101 0 $alat 135 $aurcn||||a|bb| 200 10$aSupplementum ephemeridum, ac tabularum secundorum mobilium, Io. Antonii Magini ... in quo habentur ratio, & methodus perfacilis promptissime? supputandi verum motum Solis, Lunae, & Martis ex nouis tabulis secundum Tychonicas obseruationes, nunc primum accurate? constructis. . 210 $aVenice $c[s.n.]$d1614 215 $aOnline resource ([16], 311, [1] p., 4°) 300 $aReproduction of original in Biblioteca Nazionale Centrale di Firenze. 700 $aMagini$b Giovanni Antonio$f1555-1617.$055127 801 0$bUk-CbPIL 801 1$bUk-CbPIL 906 $aBOOK 912 $a9910481338303321 996 $aSupplementum ephemeridum, ac tabularum secundorum mobilium, Io. Antonii Magini ... in quo habentur ratio, & methodus perfacilis promptissimè supputandi verum motum Solis, Lunae, & Martis ex nouis tabulis secundum Tychonicas obseruationes, nunc primum accuratè constructis.$92290239 997 $aUNINA